000 01116nam a2200325 i 4500
001 109
003 KOSZ 005
005 20200624113905.0
008 020718s1977 pl a f f |000 0 pol
015 _aPB 1978/377
035 _a(OCoLC)830336031
040 _aWA N
_cKOSZ 500/EG
_dKOSZ 500/EG
041 0 _apol
046 _k1977
080 _a631.3
080 _a(075.8)
100 1 _aKanafojski, Czesław
_d(1898-1981).
_eAutor
245 1 0 _aTeoria i konstrukcja maszyn rolniczych.
_nT.1, Cz. 3,
_pMaszyny do nawożenia, siewu i sadzenia /
_cCzesław Kanafojski.
250 _aWyd. 2
260 _aWarszawa :
_bPaństwowe Wydaw. Rolnicze i Leśne,
_c1977.
300 _a283, [1] s. :
_bil. ;
_c25 cm.
380 _aKsiążki.
504 _aBibliogr. przy rozdz.
658 _aInżynieria i technika
655 4 _aPodręczniki akademickie
650 4 _aMaszyny i narzędzia rolnicze
710 _aPaństwowe Wydawnictwo Rolnicze i Leśne
_4pbl.
856 _uhttp://koha.tu.koszalin.pl/cgi-bin/koha/opac-detail.pl?biblionumber=109
_yKatalog online BPK
942 _2UKD
_cKS
999 _c109
_d109